| 000 | 02925nam0a2200505 4500 | ||
|---|---|---|---|
| 001 | RU\NLR\BIBL_A\011940844 | ||
| 005 | 20250809113122.0 | ||
| 020 |
_aRU _9Ленинград в Великой Отечественной войне. Коллекция. Афиши |
||
| 035 | _a(NLR Aleph) 011940844 | ||
| 090 |
_a65216 _c65216 |
||
| 100 | _a20190219d1943 u y0rusy50 ca | ||
| 101 | 0 | _arus | |
| 102 | _aRU | ||
| 105 | _ay z 000zy | ||
| 135 | _acrcn 024anaba | ||
| 200 | 1 |
_aКонцерт мастеров Ленинградской государственной эстрады А.М. Прокофьевой и Д.М. Лузанова, Январь 1943 г., 9 Суббота _e[афиша] _fУправление по делам искусств Исполкома Ленгорсовета, Зал камерных концертов |
|
| 210 |
_a[Ленинград] _cЛТ УН-9 _d1943 |
||
| 215 |
_a1 л. _d43х70 |
||
| 300 | _aНачало в 17 часов. Билеты продаются ежедневно в кассе зала с 11 до 19 час. | ||
| 300 | _aЗак. № 1 | ||
| 325 | _aКопия доступна в Электрон. б-ке РНБ | ||
| 327 | _aВ программе: Русские народные песни и сказки. Партию рояля исп. И.И. Шиффельбеин | ||
| 606 | 1 |
_aТеатральная жизнь _yЛенинград, город _z1941 - 1944 _jАфиши _2nlr_sh2 _3RU\NLR\AUTH\6601649837 |
|
| 686 | 1 | _aЩ333(2Р=Рус)7-692Ленинград | |
| 702 | 1 |
_aПрокофьева _bА. М. _cпевица _3RU\NLR\AUTH\770201816 _4005 |
|
| 702 | 1 |
_aЛузанов _bД. М. _cартист эстрады, худ. чтение _gДонат Матвеевич _3RU\NLR\AUTH\770201792 _4005 |
|
| 711 | 0 | 2 |
_aЛенинградская государственная эстрада _3RU\NLR\AUTH\880495396 |
| 712 | 0 | 2 |
_aЗал камерных концертов _cЛенинград _3RU\NLR\AUTH\880495405 _4570 |
| 852 |
_aNLR _jЛ3-330а/12/3/1943-янв.(1) |
||
| 856 | 0 | _uhttp://vivaldi.nlr.ru/la700000143/view | |
| 856 | 1 | _uhttp://vivaldi.nlr.ru/la700000143/cover | |
| 856 | 2 | _uhttp://vivaldi.nlr.ru/la700000143/text | |
| 942 | _cVISUAL | ||
| 945 | _aРоссийская национальная библиотека | ||
| 980 | _aNB | ||
| 980 | _aBV | ||
| 980 | 3 | _akplen | |
| 980 | 3 | _akp | |
| 981 | 3 | 7 |
_a(37) Ленинград в Великой Отечественной войне _b(37) Афиши блокадного Ленинграда |